Six Nations Winners in 15 seconds - Statistics

General Stats
  • This quiz has been taken 101 times
    66 since last reset
  • The average score is 20 of 21
Answer Stats
Year Winners % Correct
2020 England
98%
2017 England
98%
2016 England
98%
2011 England
98%
2003 England
98%
2001 England
98%
2000 England
98%
2018 Ireland
95%
2015 Ireland
95%
2014 Ireland
95%
2009 Ireland
95%
2010 France
93%
2007 France
93%
2006 France
93%
2004 France
93%
2002 France
93%
2019 Wales
93%
2013 Wales
93%
2012 Wales
93%
2008 Wales
93%
2005 Wales
93%
No matching quizzes found
Score Distribution
Percent of People with Each Score
Percentile by Number Answered
Your Score History
You have not taken this quiz since the last reset